[Event "Hessen-ch U16"]
[Site "Bad Homburg"]
[Date "2012.??.??"]
[Round "8"]
[White "Woehl, Sebastian"]
[Black "Wohlfart, Benjamin"]
[Result "1-0"]
[WhiteElo "1520"]
[BlackElo "1062"]
[PlyCount "63"]
[EventDate "2012.04.??"]
[EventType "swiss"]
[EventRounds "9"]
[EventCountry "GER"]
[SourceTitle "EXT 2015"]
[Source "ChessBase"]
[SourceDate "2014.11.20"]
[SourceVersion "1"]
[SourceVersionDate "2014.11.20"]
[SourceQuality "1"]

1. e4 c5 2. c3 d6 3. d4 cxd4 4. cxd4 Nf6 5. Nc3 e6 6. Nf3 Be7 7. Bd3 0-0 8. 0-0 a6 9. Re1 b5 10. Be3 Bb7 11. Rc1 Nc6 12. Ne2 Rc8 13. Ng3 Ng4 14. Bd2 Qb6 15. h3 Nf6 16. Be3 Nb4 17. Bb1 d5 18. e5 Rxc1 19. Qxc1 Nd7 20. a3 Nc6 21. b4 g6 22. Bg5 Bxg5 23. Qxg5 Rc8 24. Nh5 Kf8 25. Qh6+ Ke8 26. Ng7+ Ke7 27. Qg5+ Kf8 28. Qh6 Ke7 29. Rd1 Rg8 30. Qxh7 Qd8 31. Ng5 Rh8 32. Nf5+ 1-0

[Event "Hessen-ch U16"]
[Site "Bad Homburg"]
[Date "2012.??.??"]
[Round "5"]
[White "Wohlfart, Benjamin"]
[Black "Czickus, Lukas"]
[Result "0-1"]
[WhiteElo "1062"]
[BlackElo "1580"]
[PlyCount "84"]
[EventDate "2012.04.??"]
[EventType "swiss"]
[EventRounds "9"]
[EventCountry "GER"]
[SourceTitle "EXT 2015"]
[Source "ChessBase"]
[SourceDate "2014.11.20"]
[SourceVersion "1"]
[SourceVersionDate "2014.11.20"]
[SourceQuality "1"]

1. d4 d5 2. c4 dxc4 3. Nc3 Nf6 4. e3 Bf5 5. Bxc4 e6 6. a3 Ne4 7. d5 Nxc3 8. bxc3 exd5 9. Bxd5 Nc6 10. Bxc6+ bxc6 11. Qxd8+ Rxd8 12. Nf3 Bg4 13. 0-0 Bxf3 14. gxf3 Be7 15. Bb2 0-0 16. Rfd1 Bd6 17. c4 c5 18. Bc3 Rde8 19. f4 Re4 20. Bb2 Rxc4 21. Rac1 Rxc1 22. Rxc1 Rb8 23. Be5 Rb3 24. Rd1 Rxa3 25. Bxd6 cxd6 26. Rxd6 Kf8 27. Rc6 Rc3 28. Rc7 a5 29. Ra7 Rc1+ 30. Kg2 Ke8 31. Rxa5 Kd7 32. Ra6 Rd1 33. Kf3 Kc7 34. Ra2 Kc6 35. Rb2 c4 36. Rb4 Kc5 37. Rb2 c3 38. Rc2 Kc4 39. Ke2 Rd7 40. Ke1 Kb3 41. Re2 c2 42. Rxc2 Kxc2 0-1

[Event "Hessen-ch U16"]
[Site "Bad Homburg"]
[Date "2012.??.??"]
[Round "1"]
[White "Wohlfart, Benjamin"]
[Black "Roling, Alexander"]
[Result "1/2-1/2"]
[WhiteElo "1062"]
[BlackElo "1764"]
[PlyCount "113"]
[EventDate "2012.04.??"]
[EventType "swiss"]
[EventRounds "9"]
[EventCountry "GER"]
[SourceTitle "EXT 2015"]
[Source "ChessBase"]
[SourceDate "2014.11.20"]
[SourceVersion "1"]
[SourceVersionDate "2014.11.20"]
[SourceQuality "1"]

1. d4 Nf6 2. c4 e6 3. Nc3 Bb4 4. Qc2 d5 5. e3 0-0 6. Nf3 Nbd7 7. Bd2 Re8 8. Bd3 dxc4 9. Bxc4 b6 10. a3 Be7 11. 0-0 Bb7 12. Rfd1 c5 13. dxc5 Nxc5 14. b4 Nce4 15. Nxe4 Bxe4 16. Qb2 Qc7 17. Be2 Rac8 18. Rac1 Qb7 19. Bc3 Red8 20. Rxd8+ Bxd8 21. Be5 Bc7 22. Qc3 Nd5 23. Qd4 Bxe5 24. Rxc8+ Qxc8 25. Qxe5 Nf6 26. Qb2 Qc7 27. h3 Nd5 28. Nd2 Qc3 29. Qxc3 Nxc3 30. Nxe4 Nxe2+ 31. Kf1 Nc1 32. Ke1 Nd3+ 33. Kd2 Ne5 34. Nd6 Kf8 35. Kc3 Nc6 36. Ne4 Ke7 37. Kd3 h6 38. Kc3 f5 39. Ng3 g6 40. Ne2 e5 41. f4 Kd6 42. Kd3 b5 43. Nc3 e4+ 44. Kd2 a6 45. g4 Ne7 46. Ne2 h5 47. gxh5 gxh5 48. Ng3 h4 49. Ne2 Kd5 50. Kc3 Nc6 51. Nc1 Nd8 52. Ne2 Ne6 53. Kd2 Kc4 54. Kc2 Kd5 55. Kc3 Kd6 56. Kd2 Kd5 57. Kc3 1/2-1/2

[Event "Hessen-ch U16"]
[Site "Bad Homburg"]
[Date "2012.??.??"]
[Round "7"]
[White "Wohlfart, Benjamin"]
[Black "Thomas, Tobias"]
[Result "0-1"]
[WhiteElo "1062"]
[BlackElo "1364"]
[PlyCount "46"]
[EventDate "2012.04.??"]
[EventType "swiss"]
[EventRounds "9"]
[EventCountry "GER"]
[SourceTitle "EXT 2015"]
[Source "ChessBase"]
[SourceDate "2014.11.20"]
[SourceVersion "1"]
[SourceVersionDate "2014.11.20"]
[SourceQuality "1"]

1. d4 Nf6 2. c4 g6 3. Nc3 Bg7 4. e4 d6 5. Nf3 0-0 6. Be2 Nbd7 7. 0-0 Ne8 8. Bg5 h6 9. Bh4 Bf6 10. Bxf6 Nexf6 11. Qd2 Kg7 12. g3 e5 13. d5 Nh7 14. Nd1 f5 15. exf5 gxf5 16. Ne3 Qf6 17. Nh4 Nc5 18. b4 Ne4 19. Qc2 Neg5 20. f4 exf4 21. gxf4 Nh3+ 22. Kg2 Qxh4 23. Rf3 Nxf4+ 0-1